Größte Städte Österreichs - Sehr Extrem - Statistiken

Allgemein
  • Dieses Quiz wurde 259 mal gespielt
  • Das Durchschnittsergebnis liegt bei 183 aus 500
Antwortstatistiken
Einwohner Bundesland Stadt / Gemeinde % Korrekt
1.911.191 Wien Wien
96%
155.021 Salzburg Salzburg
94%
291.072 Steiermark Graz
93%
206.595 Oberösterreich Linz
93%
62.882 Kärnten Villach
93%
131.961 Tirol Innsbruck
92%
29.711 Vorarlberg Bregenz
91%
101.300 Kärnten Klagenfurt am Wörthersee
90%
49.872 Vorarlberg Dornbirn
89%
55.514 Niederösterreich St. Pölten
89%
45.823 Niederösterreich Wiener Neustadt
88%
62.470 Oberösterreich Wels
87%
38.056 Oberösterreich Steyr
85%
34.210 Vorarlberg Feldkirch
84%
14.153 Tirol Hall in Tirol
81%
25.036 Niederösterreich Krems an der Donau
81%
24.471 Steiermark Leoben
80%
4.105 Steiermark Söding-St. Johann
79%
11.235 Salzburg St. Johann im Pongau
79%
9.547 Tirol St. Johann in Tirol
79%
19.527 Tirol Kufstein
78%
25.025 Kärnten Wolfsberg
78%
14.816 Burgenland Eisenstadt
76%
21.314 Salzburg Hallein
76%
23.816 Niederösterreich Amstetten
75%
25.918 Niederösterreich Baden
75%
17.518 Oberösterreich Braunau am Inn
75%
15.300 Kärnten Spittal an der Drau
75%
14.845 Vorarlberg Bludenz
74%
4.802 Salzburg Bruck an der Großglocknerstraße
74%
8.036 Niederösterreich Bruck an der Leitha
74%
15.787 Steiermark Bruck an der Mur
74%
5.338 Niederösterreich Gmünd
74%
8.225 Tirol Kitzbühel
74%
9.879 Salzburg Zell am See
74%
11.905 Tirol Lienz
73%
20.564 Niederösterreich Mödling
72%
22.609 Steiermark Kapfenberg
71%
27.500 Niederösterreich Klosterneuburg
71%
5.219 Oberösterreich Rohrbach-Berg
71%
23.309 Vorarlberg Lustenau
70%
12.386 Kärnten St. Veit an der Glan
70%
3.906 Niederösterreich St. Veit an der Gölsen
70%
3.846 Salzburg St. Veit im Pongau
70%
4.324 Steiermark St. Veit in der Südsteiermark
70%
24.756 Oberösterreich Traun
70%
13.275 Oberösterreich Gmunden
69%
10.765 Tirol Imst
69%
16.230 Niederösterreich Tulln an der Donau
69%
14.059 Tirol Wörgl
69%
9.853 Steiermark Judenburg
68%
8.585 Burgenland Neusiedl am See
68%
19.570 Niederösterreich Schwechat
68%
10.779 Niederösterreich Zwettl (NÖ)
68%
5.395 Oberösterreich Feldkirchen an der Donau
67%
6.703 Steiermark Feldkirchen bei Graz
67%
14.270 Kärnten Feldkirchen in Kärnten
67%
13.331 Niederösterreich Korneuburg
67%
13.791 Tirol Schwaz
67%
5.365 Niederösterreich Waidhofen an der Thaya
67%
11.222 Niederösterreich Waidhofen an der Ybbs
67%
10.580 Salzburg Bischofshofen
66%
8.266 Steiermark Liezen
66%
12.378 Oberösterreich Vöcklabruck
66%
11.643 Niederösterreich Gänserndorf
65%
5.242 Steiermark Hart bei Graz
65%
12.437 Steiermark Leibnitz
65%
12.220 Oberösterreich Ried im Innkreis
65%
4.307 Oberösterreich Ried in der Riedmark
65%
6.600 Steiermark Schladming
65%
11.882 Niederösterreich Hollabrunn
63%
8.347 Steiermark Mürzzuschlag
63%
7.600 Burgenland Oberwart
63%
16.705 Salzburg Saalfelden am Steinernen Meer
63%
11.940 Oberösterreich Enns
62%
8.639 Steiermark Fürstenfeld
62%
7.633 Tirol Landeck
62%
28.929 Oberösterreich Leonding
62%
5.630 Niederösterreich Melk
62%
11.583 Niederösterreich Mistelbach
62%
16.875 Niederösterreich Stockerau
62%
16.046 Tirol Telfs
62%
14.070 Oberösterreich Bad Ischl
61%
11.663 Steiermark Deutschlandsberg
61%
7.981 Oberösterreich Freistadt
61%
7.456 Burgenland Mattersburg
61%
12.721 Niederösterreich Neunkirchen
61%
8.837 Oberösterreich Perg
61%
6.918 Tirol Reutte
61%
14.660 Niederösterreich Ternitz
61%
9.419 Steiermark Voitsberg
61%
11.797 Steiermark Weiz
61%
3.280 Tirol Eben am Achensee
60%
6.428 Niederösterreich Horn
60%
6.241 Niederösterreich Laa an der Thaya
60%
3.499 Steiermark Murau
60%
10.899 Kärnten Völkermarkt
60%
5.269 Oberösterreich Schärding
59%
6.349 Steiermark Straß in Steiermark
59%
17.092 Oberösterreich Ansfelden
58%
11.600 Niederösterreich Groß-Enzersdorf
58%
6.795 Steiermark Hartberg
58%
13.404 Salzburg Wals-Siezenheim
58%
12.126 Niederösterreich Bad Vöslau
57%
13.633 Vorarlberg Hard
57%
6.886 Kärnten Hermagor-Pressegger See
57%
12.597 Steiermark Knittelfeld
57%
18.758 Niederösterreich Traiskirchen
57%
16.731 Vorarlberg Hohenems
56%
3.450 Niederösterreich Bad Fischau-Brunn
55%
10.926 Steiermark Gleisdorf
55%
9.873 Kärnten St. Andrä
55%
7.836 Niederösterreich St. Andrä-Wördern
55%
11.975 Niederösterreich Brunn am Gebirge
54%
4.259 Oberösterreich Eferding
54%
5.741 Salzburg Tamsweg
54%
3.667 Burgenland Güssing
53%
4.111 Burgenland Jennersdorf
53%
4.559 Oberösterreich Kirchdorf an der Krems
52%
3.975 Tirol Kirchdorf in Tirol
52%
9.726 Steiermark Köflach
52%
14.070 Oberösterreich Marchtrenk
52%
6.402 Salzburg Neumarkt am Wallersee
52%
4.891 Steiermark Neumarkt in der Steiermark
52%
14.996 Niederösterreich Perchtoldsdorf
52%
9.818 Niederösterreich Purkersdorf
52%
4.132 Niederösterreich Scheibbs
52%
11.119 Steiermark Trofaiach
52%
13.450 Steiermark Feldbach
51%
11.401 Niederösterreich Gerasdorf bei Wien
51%
10.767 Niederösterreich Strasshof an der Nordbahn
51%
9.306 Niederösterreich St. Valentin
51%
9.100 Oberösterreich Attnang-Puchheim
50%
11.928 Vorarlberg Rankweil
50%
10.951 Salzburg Seekirchen am Wallersee
50%
3.669 Steiermark Mariazell
49%
3.512 Salzburg St. Michael im Lungau
49%
9.025 Kärnten Velden am Wörther See
49%
5.627 Niederösterreich Ybbs an der Donau
49%
11.765 Vorarlberg Götzis
48%
6.837 Niederösterreich Hainburg an der Donau
48%
3.710 Niederösterreich Kirchberg am Wagram
48%
4.567 Steiermark Kirchberg an der Raab
48%
5.230 Tirol Kirchberg in Tirol
48%
5.490 Salzburg Mittersill
48%
5.924 Burgenland Pinkafeld
48%
9.271 Tirol Rum
48%
4.255 Niederösterreich Retz
47%
3.576 Kärnten St. Georgen am Längsee
47%
4.262 Oberösterreich St. Georgen an der Gusen
47%
4.455 Oberösterreich St. Georgen im Attergau
47%
8.960 Niederösterreich Deutsch-Wagram
46%
3.610 Vorarlberg Egg
46%
3.806 Steiermark Eisenerz
46%
12.846 Steiermark Gratwein-Straßengel
46%
9.843 Oberösterreich Laakirchen
46%
6.927 Oberösterreich Mattighofen
46%
3.944 Salzburg Bad Gastein
45%
4.987 Oberösterreich Grieskirchen
45%
7.628 Salzburg Straßwalchen
45%
11.229 Niederösterreich Ebreichsdorf
44%
5.912 Niederösterreich Gloggnitz
44%
5.804 Salzburg Oberndorf bei Salzburg
44%
5.353 Steiermark Spielberg
44%
7.123 Kärnten Ferlach
43%
7.844 Niederösterreich Herzogenburg
43%
10.274 Vorarlberg Lauterach
43%
4.651 Tirol Matrei in Osttirol
43%
4.876 Salzburg Radstadt
43%
11.408 Steiermark Seiersberg-Pirka
43%
3.774 Oberösterreich St. Martin im Mühlkreis
43%
8.010 Tirol Wattens
43%
4.319 Steiermark Wies
43%
6.769 Vorarlberg Altach
42%
7.560 Oberösterreich Bad Goisern am Hallstättersee
42%
9.046 Niederösterreich Berndorf
42%
7.677 Oberösterreich Ebensee am Traunsee
42%
3.832 Oberösterreich Mondsee
42%
8.304 Niederösterreich Neulengbach
42%
4.858 Burgenland Parndorf
42%
7.629 Oberösterreich Pasching
42%
9.375 Oberösterreich Sierning
42%
9.354 Niederösterreich Wiener Neudorf
42%
5.494 Oberösterreich Bad Hall
41%
8.052 Steiermark Gratkorn
41%
9.227 Niederösterreich Guntramsdorf
41%
5.639 Niederösterreich Haag
41%
8.027 Niederösterreich Langenzersdorf
41%
4.924 Oberösterreich Mauthausen
41%
6.865 Salzburg Bad Hofgastein
40%
8.150 Steiermark Kindberg
40%
6.697 Oberösterreich Kremsmünster
40%
6.990 Steiermark Zeltweg
40%
5.886 Salzburg Abtenau
39%
3.476 Niederösterreich Gars am Kamp
39%
4.130 Steiermark Groß St. Florian
39%
6.181 Oberösterreich St. Florian
39%
6.330 Niederösterreich Traismauer
39%
9.856 Oberösterreich Altmünster
38%
4.830 Steiermark Bad Aussee
38%
9.059 Kärnten Finkenstein am Faaker See
38%
4.313 Salzburg Golling an der Salzach
38%
7.548 Niederösterreich Langenlois
38%
7.754 Niederösterreich Pressbaum
38%
4.756 Salzburg Puch bei Hallein
38%
3.462 Tirol Seefeld in Tirol
38%
5.193 Niederösterreich St. Peter in der Au
38%
4.948 Kärnten Friesach
37%
7.391 Salzburg Grödig
37%
3.937 Tirol Mayrhofen
37%
5.383 Niederösterreich Schrems
37%
3.960 Salzburg St. Gilgen
37%
7.329 Niederösterreich Vösendorf
37%
4.252 Niederösterreich Wieselburg
37%
3.428 Niederösterreich Wieselburg-Land
37%
8.579 Vorarlberg Wolfurt
37%
4.974 Steiermark Admont
36%
4.428 Salzburg Altenmarkt im Pongau
36%
4.058 Kärnten Bleiburg
36%
7.176 Steiermark Fehring
36%
5.572 Niederösterreich Fischamend
36%
6.567 Oberösterreich Gallneukirchen
36%
7.443 Niederösterreich Himberg
36%
3.608 Salzburg Hof bei Salzburg
36%
7.230 Tirol Jenbach
36%
7.372 Salzburg Kuchl
36%
8.624 Niederösterreich Maria Enzersdorf
36%
3.486 Burgenland Neufeld an der Leitha
36%
7.299 Niederösterreich Wolkersdorf im Weinviertel
36%
8.110 Tirol Zirl
36%
4.897 Niederösterreich Leobersdorf
35%
5.160 Steiermark Rottenmann
35%
3.927 Vorarlberg Schwarzach
35%
3.493 Salzburg Schwarzach im Pongau
35%
4.932 Oberösterreich Steyregg
35%
6.718 Oberösterreich Asten
34%
7.066 Salzburg Eugendorf
34%
6.542 Steiermark Frohnleiten
34%
3.521 Steiermark Mureck
34%
3.948 Niederösterreich Pöchlarn
34%
3.898 Steiermark St. Stefan im Rosental
34%
3.579 Steiermark St. Stefan ob Stainz
34%
7.038 Kärnten Arnoldstein
33%
6.048 Tirol Axams
33%
3.503 Niederösterreich Eggenburg
33%
3.801 Niederösterreich Hainfeld
33%
6.209 Oberösterreich Hörsching
33%
3.436 Kärnten Millstatt am See
33%
5.483 Niederösterreich Poysdorf
33%
3.657 Tirol Söll
33%
3.402 Niederösterreich Traisen
33%
6.492 Niederösterreich Wilhelmsburg
33%
5.208 Steiermark Bad Gleichenberg
32%
7.657 Steiermark Fohnsdorf
32%
7.572 Steiermark Kalsdorf bei Graz
32%
6.637 Oberösterreich Neuhofen an der Krems
32%
4.407 Oberösterreich Schwanenstadt
32%
7.524 Oberösterreich Vorchdorf
32%
3.398 Tirol Zams
32%
7.311 Tirol Absam
31%
4.210 Oberösterreich Bad Schallerbach
31%
4.382 Kärnten Bad St. Leonhard im Lavanttal
31%
5.658 Steiermark Bärnbach
31%
3.605 Oberösterreich Lambach
31%
3.539 Niederösterreich Mautern an der Donau
31%
4.987 Oberösterreich Stadl-Paura
31%
5.108 Oberösterreich Vöcklamarkt
31%
6.938 Tirol Völs
31%
4.143 Oberösterreich Weyer
31%
6.004 Oberösterreich Alkoven
30%
5.096 Niederösterreich Böheimkirchen
30%
6.640 Oberösterreich Garsten
30%
3.346 Kärnten Kötschach-Mauthen
30%
5.356 Steiermark Krieglach
30%
5.230 Niederösterreich Leopoldsdorf
30%
3.392 Salzburg Mattsee
30%
5.372 Niederösterreich Purgstall an der Erlauf
30%
8.749 Steiermark Stainz
30%
5.854 Oberösterreich Timelkam
30%
6.196 Steiermark Wagna
30%
5.493 Steiermark Wildon
30%
4.920 Steiermark Bad Mitterndorf
29%
8.065 Kärnten Ebenthal in Kärnten
29%
4.359 Niederösterreich Felixdorf
29%
5.025 Niederösterreich Gablitz
29%
5.878 Oberösterreich Micheldorf in Oberösterreich
29%
4.650 Oberösterreich Peuerbach
29%
5.782 Kärnten Radenthein
29%
3.364 Steiermark Trieben
29%
5.379 Niederösterreich Zistersdorf
29%
4.097 Niederösterreich Zwentendorf an der Donau
29%
4.989 Oberösterreich Altheim
28%
4.260 Oberösterreich Bad Leonfelden
28%
3.690 Oberösterreich Frankenmarkt
28%
6.280 Oberösterreich Gunskirchen
28%
5.544 Oberösterreich Pregarten
28%
5.211 Oberösterreich Andorf
27%
6.391 Steiermark Eibiswald
27%
4.900 Oberösterreich Frankenburg am Hausruck
27%
5.985 Steiermark Gnas
27%
8.108 Vorarlberg Höchst
27%
7.404 Niederösterreich Kottingbrunn
27%
4.942 Steiermark Riegersburg
27%
5.669 Oberösterreich Seewalchen am Attersee
27%
3.440 Niederösterreich Seitenstetten
27%
4.715 Kärnten Althofen
26%
8.840 Oberösterreich Engerwitzdorf
26%
3.910 Burgenland Gols
26%
3.612 Niederösterreich Gramatneusiedl
26%
3.922 Niederösterreich Heidenreichstein
26%
3.360 Tirol Nußdorf-Debant
26%
4.676 Steiermark Raaba-Grambach
26%
5.172 Niederösterreich Sollenau
26%
3.646 Tirol Steinach am Brenner
26%
5.530 Oberösterreich Thalheim bei Wels
26%
5.919 Oberösterreich Wilhering
26%
3.834 Steiermark Bad Waltersdorf
25%
4.122 Steiermark Irdning-Donnersbachtal
25%
5.225 Steiermark Lieboch
25%
3.621 Oberösterreich Molln
25%
3.896 Vorarlberg Schruns
25%
4.110 Steiermark St. Margarethen an der Raab
25%
4.243 Salzburg Anif
24%
4.795 Niederösterreich Bisamberg
24%
4.409 Steiermark Deutschfeistritz
24%
3.910 Niederösterreich Gumpoldskirchen
24%
3.707 Oberösterreich Helpfau-Uttendorf
24%
6.059 Vorarlberg Lochau
24%
4.901 Salzburg Obertrum am See
24%
5.799 Kärnten Paternion
24%
5.321 Oberösterreich Pettenbach
24%
5.930 Steiermark Pöllau
24%
6.691 Oberösterreich Regau
24%
5.321 Oberösterreich Schwertberg
24%
4.292 Kärnten St. Jakob im Rosental
24%
5.971 Salzburg Thalgau
24%
4.958 Steiermark Birkfeld
23%
5.894 Niederösterreich Breitenfurt bei Wien
23%
6.808 Steiermark Eggersdorf bei Graz
23%
3.783 Niederösterreich Gföhl
23%
4.738 Oberösterreich Ottensheim
23%
3.703 Steiermark St. Lorenzen im Mürztal
23%
3.747 Steiermark St. Marein bei Graz
23%
4.672 Oberösterreich Altenberg bei Linz
22%
4.333 Tirol Fieberbrunn
22%
4.453 Niederösterreich Groß-Gerungs
22%
7.220 Steiermark Hitzendorf
22%
4.641 Burgenland Neudörfl
22%
4.477 Oberösterreich Puchenau
22%
6.506 Kärnten Seeboden am Millstätter See
22%
4.828 Oberösterreich St. Marien
22%
4.308 Oberösterreich Wartberg ob der Aist
22%
3.405 Niederösterreich Ybbsitz
22%
4.950 Niederösterreich Eggendorf
21%
3.857 Oberösterreich Grünburg
21%
3.967 Tirol Inzing
21%
3.307 Burgenland Kittsee
21%
3.902 Steiermark Langenwang
21%
4.819 Oberösterreich Lengau
21%
4.890 Niederösterreich Leobendorf
21%
4.138 Niederösterreich Mannersdorf am Leithagebirge
21%
6.200 Vorarlberg Nenzing
21%
5.211 Oberösterreich Ohlsdorf
21%
3.808 Kärnten Steindorf am Ossiacher See
21%
3.375 Steiermark Tillmitsch
21%
3.414 Oberösterreich Weißkirchen an der Traun
21%
4.776 Steiermark Weißkirchen in Steiermark
21%
4.631 Niederösterreich Wöllersdorf-Steinabrückl
21%
3.995 Steiermark Anger
20%
3.470 Oberösterreich Eberschwang
20%
3.595 Oberösterreich Gaspoltshofen
20%
5.630 Tirol Hopfgarten im Brixental
20%
3.998 Niederösterreich Lanzenkirchen
20%
3.664 Steiermark Leutschach an der Weinstraße
20%
3.864 Kärnten Maria Saal
20%
4.437 Salzburg Oberalm
20%
6.339 Steiermark Premstätten
20%
3.480 Oberösterreich Schörfling am Attersee
20%
4.279 Steiermark Sinabelkirchen
20%
5.583 Salzburg Bergheim
19%
4.045 Oberösterreich Buchkirchen
19%
4.652 Niederösterreich Eichgraben
19%
4.870 Steiermark Fernitz-Mellach
19%
4.073 Oberösterreich Hartkirchen
19%
4.742 Tirol Längenfeld
19%
4.279 Oberösterreich Luftenberg an der Donau
19%
6.589 Steiermark St. Barbara im Mürztal
19%
4.480 Kärnten St. Kanzian am Klopeiner See
19%
3.641 Salzburg Strobl
19%
3.380 Niederösterreich Ziersdorf
19%
3.382 Oberösterreich Ampflwang am Hausruckwald
18%
3.324 Vorarlberg Göfis
18%
5.219 Oberösterreich Lenzing
18%
3.760 Steiermark Obdach
18%
3.389 Oberösterreich Ternberg
18%
4.462 Kärnten Treffen am Ossiacher See
18%
4.462 Tirol Fulpmes
17%
4.117 Steiermark Gössendorf
17%
5.114 Oberösterreich Gramastetten
17%
3.802 Salzburg Großarl
17%
3.779 Steiermark Ilz
17%
4.992 Vorarlberg Nüziders
17%
4.701 Steiermark Vorau
17%
3.715 Oberösterreich Waizenkirchen
17%
4.180 Oberösterreich Alberndorf in der Riedmark
16%
3.822 Niederösterreich Aschbach-Markt
16%
3.475 Steiermark Hausmannstätten
16%
6.512 Vorarlberg Hörbranz
16%
3.552 Oberösterreich Kronstorf
16%
3.979 Oberösterreich Pucking
16%
4.871 Oberösterreich Scharnstein
16%
3.510 Steiermark Straden
16%
4.962 Salzburg Bürmoos
15%
4.250 Salzburg Hallwang
15%
5.858 Tirol Kirchbichl
15%
3.840 Steiermark Kumberg
15%
3.537 Steiermark Lannach
15%
4.481 Tirol Mils
15%
4.811 Tirol Neustift im Stubaital
15%
3.679 Steiermark Pischelsdorf am Kulm
15%
3.989 Oberösterreich Schalchen
15%
4.158 Oberösterreich Walding
15%
3.547 Burgenland Großpetersdorf
14%
3.453 Kärnten Krumpendorf am Wörthersee
14%
4.725 Tirol Kundl
14%
3.398 Tirol Münster
14%
3.708 Oberösterreich Naarn im Machlande
14%
4.414 Steiermark Passail
14%
4.598 Steiermark Vasoldsberg
14%
3.544 Steiermark Dobl-Zwaring
13%
3.714 Niederösterreich Haidershofen
13%
3.989 Salzburg Lamprechtshausen
13%
3.358 Salzburg Leogang
13%
3.642 Niederösterreich Mauerbach
13%
7.231 Niederösterreich Pottendorf
13%
3.291 Steiermark Semriach
13%
5.419 Steiermark St. Ruprecht an der Raab
13%
5.870 Kärnten Eberndorf
12%
5.470 Salzburg Elsbethen
12%
4.933 Salzburg Henndorf am Wallersee
12%
4.593 Niederösterreich Ober-Grafendorf
12%
4.559 Steiermark Schwanberg
12%
5.235 Tirol Vomp
12%
3.732 Salzburg Anthering
11%
4.200 Tirol Fügen
11%
3.624 Salzburg Adnet
10%
3.336 Niederösterreich Enzersdorf an der Fischa
10%
6.503 Vorarlberg Frastanz
10%
4.088 Tirol Götzens
10%
4.426 Tirol Kössen
10%
4.985 Tirol Kramsach
10%
3.807 Niederösterreich Loosdorf
10%
3.589 Niederösterreich Pfaffstätten
10%
3.428 Kärnten Griffen
9%
3.952 Niederösterreich Hinterbrühl
9%
3.643 Salzburg Maishofen
9%
4.029 Oberösterreich Pinsdorf
9%
4.058 Tirol Thaur
9%
3.455 Tirol Breitenbach am Inn
8%
4.224 Niederösterreich Enzesfeld-Lindabrunn
8%
4.011 Niederösterreich Gaweinstal
8%
4.757 Tirol Haiming
8%
3.911 Oberösterreich Ottnang am Hausruck
8%
3.684 Tirol Westendorf
8%
3.417 Niederösterreich Angern an der March
7%
5.645 Tirol Ebbs
7%
3.911 Vorarlberg Fußach
7%
4.179 Tirol Langkampfen
7%
3.608 Vorarlberg Ludesch
7%
5.054 Vorarlberg Mittelberg
7%
4.800 Niederösterreich Oberwaltersdorf
7%
3.816 Salzburg Piesendorf
7%
3.687 Niederösterreich Theresienfeld
7%
3.790 Tirol Mieming
6%
7.526 Niederösterreich Sieghartskirchen
6%
3.802 Niederösterreich Sonntagberg
6%
3.994 Oberösterreich Tiefgraben
6%
3.709 Niederösterreich Trumau
6%
3.935 Salzburg Bramberg am Wildkogel
5%
3.800 Niederösterreich Hausleiten
5%
4.718 Vorarlberg Koblach
5%
3.636 Salzburg Koppl
5%
3.494 Niederösterreich Michelhausen
5%
3.971 Niederösterreich Sierndorf
5%
3.314 Tirol Umhausen
5%
4.272 Tirol Wildschönau
5%
3.958 Niederösterreich Ebergassing
4%
4.032 Niederösterreich Harmannsdorf
4%
4.102 Vorarlberg Mäder
4%
4.478 Kärnten Moosburg
4%
5.526 Kärnten Wernberg
4%
3.538 Niederösterreich Ardagger
3%
3.362 Vorarlberg Bürs
3%
3.554 Kärnten Frauenstein
3%
3.337 Niederösterreich Kaltenleutgeben
3%
3.318 Kärnten Liebenfels
3%
3.529 Kärnten Magdalensberg
3%
3.426 Niederösterreich Behamberg
2%
3.566 Niederösterreich Pyhra
2%
4.451 Tirol Vorders
1%
Keine übereinstimmenden Quizze gefunden
Verteilung der Resultate
Anzahl Personen mit jedem Resultat
Perzentil nach korrekt beantworteten Fragen
Ihre Resultats-Entwicklung
Sie haben dieses Quiz noch nicht gespielt